00865nam a2200229 a 4500008004100000020001500041050001500056100001800071245009600089260005100185300001600236350000900252650002500261650003000286650001400316650001100330700001700341700002100358995010900379999001700488952013000505091216s1993 ||||||||||||||||| || u a0813012201 aJC 571 Coh aCohen, Ronald10aHuman rights and governance in Africacedited by Ronal Cohen; Goran Hyden; Winston P. Nagan aGainesvillebUniversity Press of Floridac1993 axvii, 285p. a0.00 aHUMAN RIGHTS--AFRICA aAFRICA--SOCIAL CONDITIONS aTEXTBOOKS aRIGHTS aHyden, Goran aNagan, Winston P D0.00FCBU-MAIN LIBRARY (Kitwe)H1I0.00M1UAVAILABLEWDec 16, 2009ZMain Library Open Access Collection c45970d45970 00102lcc4070a001b001cMain Library Open Access Collectiond2022-11-30l0oJC 571 Cohp39892r2022-11-30w2022-11-30y002